000
00209 a2200097 4500
001
46838
100
_a
Shaplen R
245
_a
The road from war
260
_a
London
_b
Andre deutsch
_c
090
_c
29928
_d
29928
942
_a
NUST-CAE
_c
M
_c
22144
999
_c
281911
_d
281911